Països concèntrics al voltant d’Argentina - Statistics

General Stats
  • This quiz has been taken 7 times
  • The average score is 8 of 13
Answers on the Map
Answers color-coded by a green-red scale on the quiz's map according to % correct below.
 
Answer Stats
# fronteres per distància Països % Correct
1 Xile | Bolívia | Brasil | Paraguai | Uruguai
100%
5 Algèria | Bielorússia | Croàcia | Eslovàquia | Hongria | Lituània | Mauritània | Nicaragua | Rússia | Ucraïna
80%
3 Alemanya | Andorra | Bèlgica | Equador | Espanya | Itàlia | Luxemburg | Mònaco | Panamà | Suïssa
80%
4 Àustria | Ciutat del Vaticà | Txèquia | Costa Rica | Dinamarca | Eslovènia | Liechtenstein | Marroc | Països Baixos | Polònia | Portugal | San Marino
80%
2 Colòmbia | França | Guyana | Perú | Surinam | Veneçuela
80%
7 Afganistan | Armènia | Bènin | Bulgària | Burkina Faso | Bhutan | Txad | Costa d’Ivori | Corea del Sud | Egipte | El Salvador | Gàmbia | Guatemala | Guinea | Guinea-Bissau | Índia | Iran | Kirguizistan | Kosovo | Laos | Macedònia del Nord | Montenegro | Myanmar | Nepal | Nigèria | Pakistan | Sudan | Suècia | Tadjikistan | Togo | Turquia | Vietnam | Uzbekistan
60%
8 Albània | Bangladesh | Belize | Cambodja | Camerun | Eritrea | Etiòpia | Ghana | Grècia | Iraq | Israel | Libèria | Mèxic | República Centreafricana | Sierra Leone | Síria | Sudan del Sud | Tailàndia | Turkmenistan
60%
6 Azerbaidjan | Bòsnia i Hercegovina | Xina | Croàcia | Corea del Nord | Estònia | Finlàndia | Geòrgia | Hondures | Letònia | Líbia | Kazakhstan | Mali | Moldàvia | Mongòlia | Níger | Noruega | Romania | Senegal | Sèrbia | Tunísia
60%
10 Angola | Brunei | Burundi | Canadà | Qatar | Emirats Àrabs Units | Indonèsia | Oman | Ruanda | Tanzània | Iemen | Zàmbia
40%
11 Botswana | Malawi | Moçambic | Namíbia | Papua Nova Guinea | Timor Oriental | Zimbàbue
40%
9 Estats Units | Gabó | Guinea Equatorial | Kenya | Kuwait | Líban | Malàisia | República del Congo | República Democràtica del Congo | Somàlia | Uganda | Djibouti
40%
12 Eswatini | Sud-àfrica
40%
13 Lesotho
40%
No matching quizzes found
Score Distribution
Percent of People with Each Score
Percentile by Number Answered
Your Score History
You have not taken this quiz